|
|
|
|
| LEADER |
00938nta a2200217 i 4500 |
| 001 |
dipl96981 |
| 005 |
20210111123631.0 |
| 008 |
210105s2009 hu om 0|| zxx d |
| 040 |
|
|
|a SZTE Diploma Repozitórium
|b hun
|
| 041 |
|
|
|a zxx
|
| 100 |
1 |
|
|a Varga Réka
|
| 245 |
1 |
2 |
|a A magyar népmesék szimbólumvilága
|h [elektronikus dokumentum] :
|b a Nap és a Hold a bözödi népmesékben /
|c Réka Varga
|
| 246 |
1 |
0 |
|a The symbolic world of the Hungarian folk-tales : the Sun and the Moon in the folk -tales of Bözöd
|h [elektronikus dokumentum]
|
| 260 |
|
|
|c 2009
|
| 650 |
|
4 |
|a Bölcsészettudományok
|
| 650 |
|
4 |
|a Social sciences
|
| 650 |
|
4 |
|a Media and communications
|
| 650 |
|
4 |
|a Library science
|
| 700 |
1 |
|
|a Baricz Zsolt
|e ths
|
| 856 |
4 |
0 |
|u http://diploma.bibl.u-szeged.hu/id/eprint/96981/1/2009_varga_reka.pdf
|z Dokumentum-elérés
|
| 856 |
4 |
0 |
|u http://diploma.bibl.u-szeged.hu/id/eprint/96981/2/2009_varga_reka_melleklet.zip
|z Dokumentum-elérés
|